000 00421nam a2200145Ia 4500
008 210210b1974 xxu||||| |||| 00| 0 eng d
082 _a801.95 WIML
100 _aWIMSATT (William K) & BROOKS (Cleanth).
245 _aLiterary criticism: a short history.
260 _aN D
_bOxford & IBH Publishing
_c1974
300 _axvii,755,xxii
650 _aLiterary Criticism
690 _aLiterary Criticism
906 _aSG00289
999 _c111505
_d111505